Veda a výskum ako hnací motor znalostnej ekonomiky vo svetle Lisabonskej stratégie

Lisabonská stratégia a budovanie znalostnej ekonomiky. Investície do vedy a výskumu v EÚ. Lisabonský proces a Slovensko. Hodnotenie výkonu krajín EÚ v jednotlivých oblastiach Lisabonskej stratégie.

Guardado en:
Detalles Bibliográficos
Autor principal: Gonda, Vladimír
Formato: Capítulo de libro
Lenguaje:eslovaco
Materias:
Etiquetas: Agregar Etiqueta
Sin Etiquetas, Sea el primero en etiquetar este registro!

MARC

LEADER 00000naa$a2200000$$$4500
001 0064108
005 20240702114552.6
041 0 |a slo 
044 |a CZ 
245 1 0 |a Veda a výskum ako hnací motor znalostnej ekonomiky vo svetle Lisabonskej stratégie  |c Vladimír Gonda 
520 |a Lisabonská stratégia a budovanie znalostnej ekonomiky. Investície do vedy a výskumu v EÚ. Lisabonský proces a Slovensko. Hodnotenie výkonu krajín EÚ v jednotlivých oblastiach Lisabonskej stratégie. 
610 2 0 |a ekonomika vedomostná 
610 2 0 |a spolupráca vedecká medzinárodná 
610 2 0 |a veda 
610 2 0 |a výskum 
610 2 0 |a investície 
610 2 0 |a Európska únia 
610 2 0 |a Slovensko 
610 2 0 |a informácie 
610 2 0 |a technológie informačné 
610 2 0 |a technológie komunikačné 
610 2 0 |a technológie znalostné 
610 2 0 |a spolupráca vedecká 
100 1 |a Gonda, Vladimír